| 000 | 00000nam##2200000za#4500 |
| 001 | 9.624681 |
| 003 | CaOODSP |
| 005 | 20200401035201 |
| 007 | ta |
| 008 | 150406|1997||||xxc||||| f|0| 0 fre|d |
| 022 | |a0706-6570 |
| 040 | |aCaOODSP|bfre |
| 043 | |an-cn--- |
| 086 | 1 |aFS97-6/2189F |
| 110 | 1 |aCanada. |bMinistère des pêches et des océans. |
| 245 | 10|aÉvolution de la capacité de pêche au homard américain (Homarus americanus) aux îles-de-la-Madeleine (Québec) au cours de la période 1975-1995 / |cpar Louise Gendron et Josée Archambault. |
| 260 | |aOttawa - Ontario : |bPêches et Océans Canada |c1997. |
| 300 | |avi, 16p. : |bgraphiques, références, tableaux ; |c28 cm. |
| 490 | 1 |aRapport technique canadien des sciences halieutiques et aquatiques|x0706-6570|v2189 |
| 500 | |aPréparé à l'Institut Maurice-Lamontagne, 850 route de la Mer, C.P. 1000, Mont-Joli (Québec) G5H 3Z4. Téléphone: (418) 775-0500; Télécopieur: (418) 775-0542. |
| 546 | |aAbstracts in English |
| 590 | |a98-08|b1998-02-20 |
| 720 | 1 |aJohannessen, D.I. |
| 720 | 1 |aGrégoire, François |
| 776 | 0#|tÉvolution de la capacité de pêche au homard américain (Homarus americanus) aux Îles-de-la-Madeleine (Québec) au cours de la période 1975-1995 / |w(CaOODSP)9.604030 |
| 830 | #0|aRapport technique canadien des sciences halieutiques et aquatiques,|x0706-6570|v2189|w(CaOODSP)9.513015 |